[Event "XLV Sevilla Open 2020"]
[Site "Sevilla"]
[Date "2020.01.15"]
[Round "6.7"]
[White "Chkhaidze, Nikoloz"]
[Black "Gagare, Shardul"]
[Result "0-1"]
[WhiteElo "2288"]
[BlackElo "2481"]
[Annotator "TA"]
[PlyCount "196"]
[EventDate "2020.01.05"]
[EventType "swiss"]
[EventCountry "ESP"]
[SourceTitle "playchess.com"]
[Source "ChessBase"]
[SourceQuality "1"]

{[%evp 9,196,39,60,0,20,0,-10,1,48,13,12,0,0,-11,-9,-18,72,54,90,73,72,23,174,178,214,208,206,197,328,300,328,368,341,315,406,310,524,527,511,520,489,487,463,298,368,358,341,320,375,348,474,481,536,427,571,458,468,431,765,752,914,881,1131,1083,1202,1159,303,2339,2450,858,5193,5022,2441,949,1285,1287,1210,1196,1435,968,1085,29,29,0,0,0,0,0,0,0,0,0,0,-27,-23,-23,-23,-23,-23,-23,-23,-43,-39,-302,-302,-281,-297,-289,-288,-281,-268,-268,-268,-268,-171,-8,-8,-8,-8,-277,-277,-273,-273,-273,-285,-287,-285,-288,-288,-288,-295,-288,0,-289,-289,-289,0,0,0,-289,-297,-293,0,-302,-303,-281,-281,-281,-281,-281,-302,-29964,-29958,-29956,-29959,-281,-29957,-29956,-29960,-29959,-281,-281,-281,-278,-278,-278,-279,-279,-279,-279,-279,-281,-281,-29969,-29970,-29983,-29980,-29980,-29981,-29981,-29982,-29982,-29983,-29982,-29984,-29984,-29985,-29985,-29986]} 1. d4 d6 2. e4 Nf6 3. Nc3 g6 4. Bf4 c6 5. Qd2 Nbd7 6. e5 {B07: Pirc Defence: Miscellaneous Systems} (6. Nf3 $14) 6... Nh5 {[#]} 7. O-O-O $146 ({Predecessor:} 7. e6 fxe6 8. Be3 Bg7 9. O-O-O Nhf6 10. Nf3 b5 11. Bh6 Bxh6 12. Qxh6 b4 13. Ne2 {0-1 (60) Grischuk,A (2747)-Onischuk,V (2613) Almaty 2016}) 7... Nxf4 8. Qxf4 {The position is equal.} d5 9. Nf3 e6 10. h4 (10. Bd3 {seems wilder.} h6 11. Qg3 b5 12. Ne2 a5 13. Kb1) 10... h6 $1 11. Kb1 b5 12. Bd3 Nb6 (12... a5 $11 {remains equal.}) 13. Nh2 Nc4 14. Ng4 $36 {[%mdl 2048] aiming for Nf6+. White is in control.} Qe7 {With the idea ...Nxb2!} 15. Qc1 Nb6 $2 (15... h5 $1 $11 16. Nf6+ Kd8) 16. h5 $18 g5 17. f4 b4 18. Ne2 gxf4 (18... Nd7 {might work better.} 19. Rdf1 Rb8) 19. Rdf1 (19. Nxf4 Bb7 $16) (19. Qxf4 a5 $16) 19... Bd7 20. Nf6+ (20. Nxf4 O-O-O $16) 20... Kd8 21. Rxf4 (21. Qxf4 Rb8 $18) 21... c5 22. Nxd7 Nxd7 $2 (22... Qxd7 {was necessary.} 23. Rhf1 f5 24. exf6 c4) 23. Rhf1 f5 24. exf6 Qd6 25. dxc5 Nxc5 26. Bg6 a5 27. Qe3 Rb8 28. Nd4 Rb6 29. Re1 Qc7 30. Rf2 a4 31. Rfe2 a3 32. Qd2 Qd7 {[#]} 33. Nxe6+ $1 {[%mdl 512]} Nxe6 (33... Rxe6 $142 34. Rxe6 Nxe6) 34. Bf5 b3 35. axb3 {[%cal Ba2b3,Bb3b4][%mdl 32]} (35. Rxe6 bxc2+ 36. Bxc2 Rxb2+ 37. Kc1 Bb4 $16) 35... Bb4 36. c3 a2+ 37. Kxa2 Qa7+ 38. Kb1 Nc7 39. f7 (39. Qd4 $142 Rf8 40. f7 Rxf7 41. cxb4) 39... Bc5 40. b4 Rf6 41. Bg6 (41. bxc5 $142 Rxf5 42. Rf2 Rxf2 43. Qxf2) 41... Bf8 42. Re8+ Kd7 43. Qe2 Qa6 44. Qe5 Rxg6 45. Rd8+ $2 ({Weaker is} 45. Qxh8 Qd3+ 46. Ka2 (46. Kc1 Rxg2 47. R1e7+ Bxe7 $11) 46... Qc4+ 47. Kb1 Qd3+ 48. Kc1 Rxg2 $11) ({Less strong is} 45. hxg6 Qxg6+ 46. Ka2 (46. Kc1 Qxf7 47. Qxh8 Nxe8 $16) 46... Qxf7 $18) ({White must play} 45. Qf5+ $18 Re6 46. c4 $1 {[%mdl 512]}) 45... Kxd8 $11 46. Qe8+ {[#]} Nxe8 $1 47. fxe8=Q+ (47. Rxe8+ Kc7) 47... Kc7 48. b5 Qf6 49. hxg6 Bc5 50. b6+ Kd6 $1 51. Qf7 Qxf7 52. gxf7 {[%mdl 4096] Endgame KRB-KR} Rf8 53. b7 {Intending Re8 and mate.} Kc7 54. b4 Ba7 55. Re7+ Kd8 56. Re8+ $2 {[%mdl 8192]} ({White should play} 56. Re6 $15) 56... Rxe8 $19 57. fxe8=Q+ Kxe8 {KB-KP} 58. Kc2 Kd7 59. Kd3 Kd6 60. c4 dxc4+ 61. Kxc4 {KB-K3P} Ke5 62. b5 $2 (62. Kd3 $19) 62... h5 63. b6 Bb8 {...h4 is the strong threat.} 64. Kc5 $2 {[%mdl 8192]} (64. Kd3 $1 $11 {and White is okay.}) 64... h4 65. Kc6 Ke6 $1 66. Kc5 Be5 67. Kc6 Bd6 68. Kb5 Kd5 69. Ka6 Bb8 70. Kb5 Ke6 $2 (70... Kd4 $19 {And now ...Kd5 would win.} 71. Kc6 Bg3) 71. Kc6 $2 {[%mdl 8192]} (71. Kc5 $1 $11 {and White has nothing to worry.}) 71... Bf4 72. Kc5 Kf5 $2 (72... Bg3 $19 73. Kc4 Kd7) 73. Kc6 $1 $11 Ke6 $2 {[%mdl 8192]} (73... Kg4 $11 74. Kd7 Kg3) 74. Kc5 $1 $19 Bg3 75. Kc6 Bd6 76. Kb5 Kd7 77. Ka6 {intending Ka7.} Bb8 $1 {White must now prevent ...Kc6.} 78. Kb5 {[#]} Kd6 $1 {[%cal Rd6d5]} 79. Ka5 Kc5 80. Ka4 Bg3 81. Ka5 Kc6 82. Ka6 Bb8 83. Ka5 Kxb7 {KB-KPP} 84. Kb5 Bh2 $2 (84... Bg3 {mates} 85. Kc5 Bf4 86. Kd4 Kxb6 87. Kc4 Kc6 88. Kd4 Kd6 89. Ke4 Bg3 90. Kd4 Ke6 91. Ke4 Kf6 92. Ke3 Kf5 93. Ke2 Kf4 94. Kf1 Bh2 95. Kf2 Kg4 96. Ke2 Bg1 97. Kf1 Ba7 98. Ke1 Kg3 99. Kf1 Bf2 100. Ke2 Kxg2 101. Kd2 h3 102. Kd3 h2 103. Ke4 h1=Q 104. Ke5 Kg3 105. Kd6 Qb7 106. Ke6 Qc6+ 107. Ke7 Bd4 108. Kf7 Qd7+ 109. Kf8 Bh8 110. Kg8 Qg7#) 85. Kc5 Bg3 {Strongly threatening ...Ka6.} 86. Kb5 Bf2 87. Kc4 Bxb6 {KB-KP} (87... Kxb6 $2 88. Kd3 $19) 88. Kd3 Kc6 89. Ke2 Kd5 {( -> ...Ke4)} 90. Kf3 {[#]} Bc7 $1 {[%cal Rc7g3]} 91. Ke3 $2 (91. Kf2 $19 Bh2 92. g4 hxg3+ 93. Kg2) 91... Bg3 {Black mates.} 92. Kd3 Ke5 93. Ke3 Kf5 94. Kf3 Kg5 95. Ke2 Kf4 96. Kf1 Bh2 97. Kf2 Kg4 98. Ke2 Bg1 {Accuracy: White = 72%, Black = 58%.} 0-1

[Event "XLV Sevilla Open 2020"]
[Site "Sevilla"]
[Date "2020.01.15"]
[Round "6.8"]
[White "Swayams, Mishra"]
[Black "Rangel, Daniel"]
[Result "1-0"]
[WhiteElo "2479"]
[BlackElo "2269"]
[Annotator "TA"]
[PlyCount "88"]
[EventDate "2020.01.05"]
[EventType "swiss"]
[EventCountry "ESP"]
[SourceTitle "playchess.com"]
[Source "ChessBase"]
[SourceQuality "1"]

{[%evp 12,88,29,21,39,31,27,22,35,26,27,29,43,39,54,18,46,63,71,35,60,0,206,196,195,202,221,221,206,208,208,208,211,201,193,200,200,196,206,207,224,205,189,174,194,196,169,104,87,100,98,87,54,40,113,116,155,177,207,189,204,185,505,520,517,489,785,777,984,864,1523,1512,1470,1467,1467,1383,6103,5214,1854]} 1. d4 Nf6 ({Predecessor:} 1... d5 2. c4 e6 3. Nc3 Nf6 4. Bg5 Be7 5. e3 O-O 6. Qb3 c6 7. Nf3 Nbd7 8. Bd3 dxc4 9. Bxc4 h6 10. Bh4 b5 11. Be2 Bb7 12. O-O a6 13. Rad1 Qc7 14. Qc2 {0-1 (57) Gomez,C-Londono,J Cali 2009}) 2. Nf3 e6 3. c4 d5 4. Nc3 c6 5. Bg5 Nbd7 6. e3 h6 7. Bh4 Bd6 $146 {D51: Queen's Gambit Declined: 4 Bg5 Nbd7 sidelines} (7... g5 8. Bg3 Nh5 9. Qc2 Nxg3 10. hxg3 Bg7 11. O-O-O O-O 12. Kb1 Qe7 13. e4 dxe4 14. Nxe4 f5 15. Nc3 {0-1 (37) Mamedyarov,S (2772)-Korobov,A (2670) Bucharest 2019}) 8. Qc2 O-O 9. Bd3 dxc4 {The position is equal.} 10. Bxc4 b5 11. Be2 Bb7 12. O-O a6 13. Rad1 Qc7 14. e4 {aiming for e5.} e5 15. dxe5 Nxe5 16. Nd4 (16. Bxf6 $14 Nxf3+ 17. Bxf3 gxf6 18. g3) 16... Neg4 $2 (16... Ned7 $1 $11 {and Black is okay.}) 17. h3 $18 g5 18. Nf5 (18. hxg4 $6 gxh4 19. Nf5 Bh2+ 20. Kh1 Bf4 $16) 18... Bh2+ 19. Kh1 {Hoping for Bg3.} gxh4 20. Bxg4 (20. hxg4 $6 Bf4 $16) 20... Nxg4 21. hxg4 Bf4 22. Nxh4 Bc8 23. Nf5 Bxf5 24. gxf5 Qe7 {( -> ...Qh4+)} 25. g3 Be5 26. Ne2 Rfe8 27. f3 c5 28. Kg2 c4 29. Rh1 ({White should try} 29. Nc3 $18) 29... Rad8 $16 30. b3 c3 31. f4 ({Not} 31. Nxc3 Rc8 $17) ({Wrong is} 31. Rxh6 $2 Rxd1 32. Qxd1 Rd8 $19) 31... Bg7 32. Kf3 ({Of course not} 32. Nxc3 Bxc3 33. Qxc3 Qxe4+ 34. Qf3 Qxf5 $11) 32... b4 ({Better is} 32... Qb7 $1 $14) 33. e5 Rxd1 34. Rxd1 Rd8 {[#]} 35. Rd4 $1 $36 {[%mdl 2048] White is really pushing.} Bf8 36. Qe4 Rc8 $2 (36... Qe8 37. e6 Rxd4 38. Nxd4 a5) 37. f6 $18 {White is clearly winning.} Qe8 38. f5 Qc6 (38... c2 $142 39. Rc4 Rxc4 40. bxc4 Qd8) 39. e6 {Strongly threatening Qxc6.} fxe6 40. fxe6 c2 {[#]} 41. Rc4 $1 {[%mdl 64] Double Attack} Qxe4+ 42. Kxe4 Rxc4+ 43. bxc4 Bd6 44. Kd5 Bxg3 {Accuracy: White = 84%, Black = 43%.} 1-0

[Event "XLV Sevilla Open 2020"]
[Site "Sevilla"]
[Date "2020.01.15"]
[Round "6.9"]
[White "Pratyusha, Bodda"]
[Black "Alsina Leal, Daniel"]
[Result "0-1"]
[WhiteElo "2267"]
[BlackElo "2465"]
[Annotator "TA RC"]
[PlyCount "88"]
[EventDate "2020.01.05"]
[EventType "swiss"]
[EventCountry "ESP"]
[SourceTitle "playchess.com"]
[Source "ChessBase"]
[SourceQuality "1"]

{[%evp 11,114,0,4,-26,-2,-5,-7,-32,-33,-36,-44,-37,-20,-37,-4,-16,-5,-13,0,-23,-14,-39,-31,-53,-53,-88,-43,-67,-49,-99,-50,-94,-91,-86,-62,-75,-41,-52,-58,-58,-40,-46,-38,-77,-55,-55,-50,-58,-70,-60,-47,-54,-48,-62,-45,-127,-125,-167,-159,-204,-203,-212,-197,-216,-191,-190,-190,-181,-175,-258,-183,-181,-178,-543,-525,-1391,-714,-672,-646,-639,-593,-1573,-1450,-1127,-1076,-2481,-1945,-29968,-29970,-29972,-29973,-29974,-29973,-29974,-29975,-29976,-29977,-29976,-29978,-29978,-29979,-29979,-29980,-29980,-29981]} 1. d4 Nf6 2. Bf4 d5 3. e3 c5 4. c3 Nc6 5. Nd2 Bf5 6. Ngf3 e6 7. Ne5 {D00: 1 d4 d5: Unusual lines} (7. Be2 Bd6 8. dxc5 Bxc5 9. Nd4 Bg6 10. Qa4 O-O 11. Nxc6 bxc6 12. Qxc6 Rc8 13. Qa4 Re8 14. O-O e5 {0-1 (57) Le,Q (2737)-Ding,L (2777) Riadh 2017}) 7... Nxe5 (7... Qb6 {keeps more tension.} 8. Qb3 c4 9. Qxb6 axb6 10. Be2 b5) 8. Bxe5 Nd7 9. Nf3 {The position is equal.} Qb6 $146 ({Predecessor:} 9... a6 10. Bg3 Be7 11. Bd3 Bxd3 12. Qxd3 O-O 13. h4 f5 14. Qe2 b5 {1-0 (54) Annageldiyev,A (1727)-Egin,V (2317) Moscow 2018}) 10. Qd2 Nxe5 11. Nxe5 f6 12. Nf3 Bg6 13. Be2 Be7 14. O-O O-O $36 {[%mdl 2048] Black has good play.} 15. dxc5 Bxc5 16. b4 Be7 17. Bd3 Bf7 18. a3 Rac8 19. Rac1 Rfd8 20. Qe2 a5 21. e4 {[#]} dxe4 $1 22. Bxe4 Rc7 23. Bb1 Rdc8 {[%cal Ra5b4]} 24. Qb2 g6 25. Ba2 Kg7 26. h3 Qa6 27. Nd2 axb4 (27... f5 {is interesting.} 28. Rcd1 axb4 29. axb4 Bf6 30. Nb1 Rc6) 28. cxb4 Rxc1 29. Rxc1 Rxc1+ 30. Qxc1 {[#]} Bxb4 $1 {[%mdl 512]} 31. axb4 {Black must now prevent Qb2.} Qxa2 32. Ne4 Qd5 33. Qe3 (33. f3 $1 $15) 33... e5 34. Nc5 Be8 35. Qe4 Qxe4 36. Nxe4 $19 {[%mdl 4096] Endgame KB-KN} Bc6 37. Nc3 Kf7 38. f3 Ke6 39. Kf2 {[#]} g5 $1 40. Ke3 (40. Kg3 $142) 40... h5 41. g4 h4 42. b5 $2 (42. Ne4) 42... Bd5 43. b6 Kd6 44. Nb5+ Kd7 {Played: Kd6-c5} 0-1

[Event "XLV Sevilla Open 2020"]
[Site "Sevilla"]
[Date "2020.01.15"]
[Round "6.10"]
[White "Munoz Martin, Pablo"]
[Black "Das, Arghyadip"]
[Result "0-1"]
[WhiteElo "2264"]
[BlackElo "2451"]
[Annotator "TA"]
[PlyCount "46"]
[EventDate "2020.01.05"]
[EventType "swiss"]
[EventCountry "ESP"]
[SourceTitle "playchess.com"]
[Source "ChessBase"]
[SourceQuality "1"]

{[%evp 12,56,8,-29,0,-26,-19,-36,-36,-62,-64,-72,-54,-44,-43,-52,-49,-57,-50,-51,-40,-40,-35,-64,-65,-115,-110,-122,-115,-129,-134,-139,-133,-139,-140,-147,-155,-270,-222,-212,-209,-214,-200,-247,-237,-267,-268]} 1. Nf3 g6 2. g3 Bg7 3. Bg2 e5 4. d3 d5 5. O-O Ne7 6. c4 d4 7. Na3 O-O {A09: Réti Opening: 1 Nf3 d5 2 c4} 8. Nc2 a5 9. Rb1 Na6 {Black is slightly better.} 10. e3 $146 ({Predecessor:} 10. b3 Nb4 11. a3 Na2 12. Bb2 Nc6 13. Qd2 Bf5 14. Nh4 Bg4 15. h3 {0-1 (94) Bekker,S (2273)-Nikolic,P (2591) Leiden 2018}) 10... dxe3 11. fxe3 Bf5 12. e4 Bg4 13. h3 Bxf3 14. Bxf3 Nc6 15. Be3 Qe7 16. Qe2 $1 Rfd8 17. Rfd1 b6 18. Qf2 Nab4 19. Nxb4 Nxb4 20. a3 Nxd3 21. Qc2 Nc5 22. Rd5 Ne6 23. c5 b5 {Played: Ne6-d4} 0-1

[Event "XLV Sevilla Open 2020"]
[Site "Sevilla"]
[Date "2020.01.15"]
[Round "6.11"]
[White "Panjwani, Raja"]
[Black "Gu, Tianlu"]
[Result "1/2-1/2"]
[WhiteElo "2444"]
[BlackElo "2255"]
[Annotator "TA"]
[PlyCount "142"]
[EventDate "2020.01.05"]
[EventType "swiss"]
[EventCountry "ESP"]
[SourceTitle "playchess.com"]
[Source "ChessBase"]
[SourceQuality "1"]

{[%evp 23,142,20,20,20,22,18,15,15,14,20,29,20,29,29,29,29,32,22,31,20,53,62,53,43,100,94,116,104,113,103,111,114,108,83,86,0,0,0,0,0,0,0,0,0,0,0,0,0,0,-15,-15,-17,-18,-16,-18,-156,-163,-161,-179,-163,-161,-246,-246,-250,-241,-227,-224,-186,-105,-105,-105,-105,-105,-105,-98,-98,-98,-98,-98,-98,-98,-98,-98,-98,-98,-98,-98,-98,-98,-98,-98,-98,-98,-98,0,-98,-83,-98,-98,-98,-98,-98,-8,-8,-8,-8,-8,-8,-8,-8,-8,-8,-8,-8,-8,-8,-8,-8,-8,-8,0]} 1. Nf3 d5 2. g3 Nf6 3. Bg2 c5 4. O-O Nc6 5. d4 e6 6. c4 dxc4 7. dxc5 Qxd1 8. Rxd1 Bxc5 9. Nbd2 c3 10. bxc3 O-O 11. Nb3 Be7 12. c4 Bd7 13. Bb2 {E04: Open Catalan: 5 Nf3} Rfd8 14. Nfd4 Rac8 (14... Rab8 15. Nxc6 Bxc6 16. Rxd8+ Rxd8 17. Bxc6 bxc6 18. Bxf6 Bxf6 19. Rc1 g5 20. c5 Kf8 {1-0 (36) Giri,A (2780)-Wojtaszek,R (2749) Shenzhen 2018}) 15. Nb5 b6 16. Nd6 Rc7 {[#]} 17. Ba3 $146 {With the idea Nb5.} ({Predecessor:} 17. Nb5) 17... Ne5 18. Nb5 $36 {[%mdl 2048] White fights for an advantage.} Bxb5 $1 19. Rxd8+ Bxd8 20. cxb5 {Threatens to win with Bd6.} Nc4 21. Rd1 Be7 22. Bxe7 Rxe7 23. Rd4 Na3 (23... Nb2 $14) 24. Bc6 $16 {Hoping for Rd8+.} g6 25. Nd2 $1 {Strongly threatening Ra4.} Rc7 26. Rd3 Nc2 {[#]} 27. a3 $1 Nd5 28. Ne4 Kf8 29. e3 ({Much worse is} 29. Bxd5 $6 exd5 30. Nf6 d4 $11) (29. Ng5 $16) 29... Ne1 $1 $11 {[%cal Re1d3]} 30. Rd1 Nc2 $1 31. Rd3 Ne1 $1 {[%cal Re1d3]} 32. Rb3 Nf3+ 33. Kg2 Ne5 34. Bxd5 $1 exd5 {[%mdl 4096] Endgame KRN-KRN} 35. Nf6 Rc2 36. h3 Rd2 37. Nxh7+ Kg7 38. Ng5 Nd3 39. Nf3 (39. Rc3 $11) 39... Rxf2+ $17 40. Kg1 Rxf3 {[%mdl 64] Double Attack} 41. Rxd3 Rxg3+ $19 {KR-KR} 42. Kf2 (42. Kh2 $142 Rg5 43. a4) 42... Rxh3 43. Rxd5 {intending Rd7.} Rh5 44. Rd7 Rxb5 45. Rxa7 {[#]} g5 (45... Rf5+ $1 $19 46. Ke2 Ra5) 46. Ra6 f6 47. Kf3 Kg6 48. a4 Ra5 49. Rxb6 Rxa4 50. e4 Ra3+ 51. Kf2 Kf7 52. Rc6 Rd3 53. Ra6 Ke7 54. Ke2 Rd6 (54... Rc3 {is more complex.} 55. Kf2 Rh3 56. Ke2 Rb3 57. Ra7+ Kd6) 55. Ra5 Ke6 56. Ke3 Rb6 57. Kf2 Rb3 58. Ke2 Rb6 59. Kf2 $1 Kf7 60. Kf3 Kg6 61. Ra7 Rb3+ 62. Kf2 Kh5 ({Black should try} 62... Rb2+ $17 63. Kg3 Rb4) 63. Ra6 $11 {The position is equal.} Rb2+ 64. Kg3 Rb4 65. Rxf6 Rxe4 66. Rf3 Kg6 67. Ra3 Kf5 68. Ra5+ Re5 69. Rxe5+ Kxe5 70. Kg4 Kf6 71. Kg3 Ke5 {Accuracy: White = 74%, Black = 69%.} (71... Kf5 $5) 1/2-1/2

[Event "XLV Sevilla Open 2020"]
[Site "Sevilla"]
[Date "2020.01.15"]
[Round "6.12"]
[White "Gutierrez Valero, Mario"]
[Black "Campora, Daniel H."]
[Result "0-1"]
[WhiteElo "2260"]
[BlackElo "2420"]
[Annotator "TA"]
[PlyCount "52"]
[EventDate "2020.01.05"]
[EventType "swiss"]
[EventCountry "ESP"]
[SourceTitle "playchess.com"]
[Source "ChessBase"]
[SourceQuality "1"]

{[%evp 21,52,22,17,0,15,0,26,26,28,16,24,12,17,24,26,16,25,12,25,-292,-304,-290,-287,-300,-310,-443,-262,-253,-258,-250,-248,-273,-259]} 1. d4 Nf6 2. c4 e6 3. Nf3 d5 4. g3 Be7 5. Bg2 O-O 6. O-O b6 7. Nc3 Bb7 8. cxd5 exd5 9. Bf4 Na6 10. Ne5 c5 11. dxc5 Nxc5 12. Nf3 {E18: Queen's Indian: Old Main Line (4 g3 Bb7 5 Bg2 Be7 6 0-0 0-0 7 Nc3)} Ne6 13. Be5 Ng4 14. Bd4 {[#] White has an edge.} Nf6 $146 ({Predecessor:} 14... Re8 15. Qb3 Nxd4 16. Nxd4 Bc5 17. Rad1 Qf6 18. e3 Qh6 19. h4 Nxe3 20. fxe3 Qxe3+ {½-½ (46) Dive,R (2448)-Smith,R (2290) Auckland 1999}) 15. Qd3 Ne4 16. Rfd1 Rc8 17. Rac1 N6c5 18. Bxc5 Rxc5 19. e3 Qc8 20. Ne2 $2 {[%mdl 8192] [#]} ({Don't go for} 20. Nxd5 $2 Bxd5 21. Rxc5 Nxc5 $19) (20. Nd4 $11 {and White is okay.}) 20... Ba6 $19 21. Rxc5 Bxc5 22. Qxd5 Bxe2 23. Rc1 (23. Re1 $142 Nf6 24. Qb3) 23... Nf6 (23... Bxf3 $142 24. Bxf3 {[#]} Nxf2 $1 {[%mdl 512]}) 24. Qd2 Bxf3 25. Bxf3 Rd8 26. Qc3 Qf5 {Accuracy: White = 59%, Black = 71%.} 0-1

[Event "XLV Sevilla Open 2020"]
[Site "Sevilla"]
[Date "2020.01.15"]
[Round "6.13"]
[White "Polivanov, Anatoliy"]
[Black "Dubreuil, Nicolas"]
[Result "1-0"]
[WhiteElo "2420"]
[BlackElo "2200"]
[Annotator "TA"]
[PlyCount "55"]
[EventDate "2020.01.05"]
[EventType "swiss"]
[EventCountry "ESP"]
[SourceTitle "playchess.com"]
[Source "ChessBase"]
[SourceQuality "1"]

{[%evp 11,55,9,10,-23,62,0,0,0,0,-7,0,14,0,0,27,8,6,7,40,29,27,13,11,0,15,4,19,26,26,14,22,20,20,3,11,0,0,20,32,30,28,0,125,114,640,638]} 1. e4 c5 2. Nf3 d6 3. c3 Nf6 4. h3 e5 5. Bd3 Nc6 6. Bc2 Be7 7. d4 {B50: Sicilian: 2...d6, Miscellaneous} O-O (7... cxd4 $11 8. cxd4 exd4) (7... cxd4 8. cxd4 O-O 9. Nc3 exd4 10. Nxd4 d5 11. exd5 Nxd5 12. Nxc6 bxc6 13. Nxd5 cxd5 14. O-O Bf6 {1-0 (38) Kunin,V (2592)-Ochsner,B (2417) Barcelona 2016}) 8. dxe5 (8. d5 $14) 8... dxe5 $11 9. Qe2 {The position is equal.} a6 10. a4 $146 ({Predecessor:} 10. O-O Qc7 11. Nbd2 b5 12. Rd1 Nh5 {1-0 (27) Antinyan,A (2177)-Pavlov,A (2300) St Petersburg 2012}) 10... Rb8 11. Na3 {[%cal Bb1a3,Ba3c4,Bc4e3,Be3d5][%mdl 32]} Qc7 12. Nc4 b5 13. axb5 axb5 14. Ne3 Rd8 {[#]} 15. Nd5 $1 {[%mdl 512]} Qd6 (15... Nxd5 16. exd5) 16. Bg5 h6 17. Bxf6 Bxf6 18. Rd1 {[%cal Ba1d1,Bd1d3,Bd3h3][%mdl 32]} Qe6 19. O-O Be7 20. Nh2 Bd6 21. Ng4 Qg6 22. Rd3 Bxg4 23. hxg4 c4 24. Rh3 f6 25. g3 Ra8 26. Nb6 Ra2 {[#]} (26... Rab8 $11 27. Nd5 Qf7) 27. Nxc4 $1 $16 {[%mdl 512] aiming for Bb3.} Bc5 $2 {[%mdl 8192]} (27... Na5 $16) (27... bxc4 28. Qxc4+) 28. Bb3 $1 {[%csl LRa2,LRe5] Accuracy: White = 46%, Black = 39%.} 1-0

[Event "XLV Sevilla Open 2020"]
[Site "Sevilla"]
[Date "2020.01.15"]
[Round "6.14"]
[White "Bukal, Vladimir Jr."]
[Black "Uribe, Jhonny Alberto"]
[Result "1-0"]
[WhiteElo "2385"]
[BlackElo "2149"]
[Annotator "TA"]
[PlyCount "105"]
[EventDate "2020.01.05"]
[EventType "swiss"]
[EventCountry "ESP"]
[SourceTitle "playchess.com"]
[Source "ChessBase"]
[SourceQuality "1"]

{[%evp 9,105,0,0,0,41,41,37,43,80,77,71,68,56,39,77,78,90,82,98,66,104,75,114,107,141,160,185,122,193,185,228,216,222,229,235,241,237,240,234,209,232,233,250,256,274,265,268,247,251,222,258,265,284,224,215,225,322,284,379,319,393,383,406,399,444,410,507,468,490,486,460,426,793,634,739,733,741,680,698,675,1383,768,1209,1194,1133,796,1357,1290,1414,1338,29988,29967,5627,5567,29990,29991,29996,29995]} 1. d4 d5 2. Nf3 Nf6 3. Bf4 e6 4. e3 c5 5. Be2 Qb6 6. Nc3 {D02: 1 d4 d5 2 Nf3 sidelines, including 2...Nf6 3 g3 and 2...Nf6 3 Bf4} cxd4 7. Nb5 {[#] Black must now prevent Nc7+.} Na6 $1 8. exd4 {[#] White is slightly better.} Bb4+ $146 ({Predecessor:} 8... Be7 9. a4 Nh5 10. Be3 Qd8 11. Nd2 Nf6 12. O-O O-O 13. Bf4 Ne8 14. c3 h6 {½-½ (40) Leimgruber,R (2288)-Turczynski,M (2193) ICCF email 2010}) 9. c3 Be7 10. a4 O-O 11. Ne5 Ne4 12. Bd3 f6 13. Nf3 g5 14. Bc1 Bd7 15. O-O Be8 16. Qe2 Bg6 17. Ne1 Kf7 18. c4 (18. f3 $18 Nd6 19. f4) 18... f5 (18... Nb4 $16) 19. c5 Qd8 20. f3 Nf6 21. Bxg5 Nb4 22. Bf4 Ne8 23. Qd2 Nc6 24. Nc2 a6 25. Nc3 {[%cal Bb5c3,Bc3e2,Be2f4][%mdl 32]} e5 26. dxe5 Bxc5+ {[#]} 27. Kh1 $1 Nc7 28. Ne2 Ne6 29. Bh6 Nxe5 30. Bxf8 Qxf8 31. Rad1 Rd8 32. Nf4 Nc7 (32... Nxf4 $142 33. Qxf4 {[%mdl 64] Double Attack} Nxd3 34. Rxd3 Qd6 35. Qxd6 Rxd6) 33. Qc3 Bd6 34. Qb3 Nxd3 35. Nxd3 f4 36. Rfe1 Kg7 37. Nd4 Re8 38. Rxe8 Qxe8 39. Re1 Qd7 40. Qc3 {Threatening mate with Nf5+!} Kh6 (40... Kg8 $142 41. Nc5 Qc8) 41. b3 Qg7 42. Nf2 Kh5 43. Qd2 Qf6 44. Ng4 Qf7 45. h3 b5 46. a5 b4 47. Qe2 Qg7 48. Ne6 Qc3 49. Nxc7 Bxc7 50. Qe7 Bd6 51. Qe6 Kh4 52. Kh2 h5 53. Ne5 {Played: Qe6xg6} 1-0